[Event "10th Lichtenberger Sommer"]
[Site "Berlin GER"]
[Date "2011.08.13"]
[Round "1.64"]
[White "Schneider,Ec"]
[Black "Richter,Go"]
[Result "0-1"]
[WhiteElo "1733"]
[BlackElo "2045"]

1.e4 c5 2.c3 Nf6 3.e5 Nd5 4.Nf3 Nc6 5.Bc4 Nb6 6.Bb3 c4 7.Bc2 Qc7 8.Qe2 g5
9.h3 Bg7 10.O-O Nxe5 11.Nxg5 Nd5 12.Na3 h6 13.Nf3 Nf4 14.Qe4 Ned3 15.Qxc4 Qxc4
16.Nxc4 Nxc1 17.Raxc1 Ne2+ 18.Kh1 Nxc1 19.Rxc1 b5 20.Be4 Rb8 21.Nce5 e6 22.d4 f5
23.Bc2 Bb7 24.Re1 Rg8 25.Bxf5  0-1

[Event "50th World Juniors"]
[Site "Chennai IND"]
[Date "2011.08.13"]
[Round "11.43"]
[White "Kulkarni,R"]
[Black "Prince,Ba"]
[Result "1-0"]
[WhiteElo "2231"]
[BlackElo "2146"]

1.e4 c5 2.c3 Nf6 3.e5 Nd5 4.Nf3 e6 5.Bc4 Nc6 6.d4 cxd4 7.cxd4 d6 8.O-O Be7
9.Qe2 O-O 10.Rd1 Na5 11.Bd3 Nb4 12.exd6 Qxd6 13.Ne5 Nxd3 14.Rxd3 f6 15.Nf3 b6
16.b4 Nc4 17.Rc3 b5 18.a4 Bd7 19.axb5 Nb6 20.Rc5 Qb8 21.Nc3 Bxc5 22.dxc5 Nd5
23.Nxd5 exd5 24.Nd4 Qe5 25.Be3 f5 26.f4 Qe7 27.Qf3 Kh8 28.Bf2 Qf6 29.Ra6 Qf7
30.Rd6 Rfd8 31.Bh4 Re8 32.h3 Re4 33.c6 Be8 34.Qc3 Rc8 35.Bg3 Kg8 36.Qc5 g6
37.Rxd5 Qc7 38.Rd6 Bf7 39.Bh4 Qb6 40.Bf6 Re1+ 41.Kh2 Rb1 42.Qc3 Qc7 43.Be5 Qe7
44.Nf3 Rb3 45.Qd4 h6 46.c7 Be6 47.Rd8+ Kf7 48.Bh8  1-0

[Event "29th World Junior Girls"]
[Site "Chennai IND"]
[Date "2011.08.13"]
[Round "11.20"]
[White "Romero Echeverria,A"]
[Black "Lasya,G"]
[Result "0-1"]
[WhiteElo "2071"]
[BlackElo "1898"]

1.e4 c5 2.c3 Nf6 3.e5 Nd5 4.d4 cxd4 5.cxd4 d6 6.Bc4 Nb6 7.Bb5+ Nc6 8.Nf3 dxe5
9.Nxe5 Bd7 10.Bxc6 Bxc6 11.Nxc6 bxc6 12.O-O g6 13.Be3 Bg7 14.Nc3 O-O 15.Rc1 Nc4
16.Qe2 Nxe3 17.fxe3 e5 18.dxe5 Bxe5 19.Ne4 Bxh2+ 20.Kxh2 Qh4+ 21.Kg1 Qxe4
22.Rf4 Qe6 23.Rfc4 Rab8 24.b3 Rb6 25.Qf3 Qe5 26.Qf4 Qa5 27.R1c2 Qe1+ 28.Kh2 Rb5
29.Rc5 Qa5 30.Rxb5 cxb5 31.e4 b4 32.e5 Re8 33.Re2 Qb5 34.Re1 Re6 35.g3 a5
36.Rf1 Qe8 37.Re1 f6 38.Qc4 Qc6 39.Qd4 Qc2+ 40.Kg1 Qc7 41.Qd5 Kf7 42.Kh2 Qc2+
43.Kg1 Qc3 44.Qd7+ Kf8 45.Qd8+ Kg7 46.exf6+ Rxf6 47.Qe7+ Rf7 48.Qe3 Qxe3+
49.Rxe3 Rc7 50.Re2 h5 51.Kg2 Kf6 52.a3 Rc3 53.axb4 axb4 54.Rb2 Kg5 55.Rd2 Rxb3
56.Rd5+ Kf6 57.Rd6+ Kf5 58.Rd5+ Ke6 59.Rb5 Rb1 60.Kh3 Kf6 61.Rb6+ Kg5 62.Rb5+ Kh6
63.Kh2 b3 64.Kg2 b2 65.Kh2 Kg7 66.Rb6 Kf7  0-1

[Event "50th World Juniors"]
[Site "Chennai IND"]
[Date "2011.08.13"]
[Round "11.54"]
[White "Kathmale,S"]
[Black "Karthikeyan,M2"]
[Result "1-0"]
[WhiteElo "2211"]
[BlackElo "2122"]

1.e4 c5 2.c3 Nf6 3.e5 Nd5 4.Nf3 Nc6 5.Bc4 Nb6 6.Bb3 c4 7.Bc2 d6 8.exd6 Qxd6
9.O-O g6 10.Na3 Bg7 11.b3 cxb3 12.axb3 O-O 13.d4 a6 14.Nc4 Nxc4 15.bxc4 Rd8
16.Qe2 Qc7 17.Re1 Bg4 18.Bg5 Rdc8 19.h3 Bxf3 20.Qxf3 e5 21.d5 Nb8 22.Rab1 f6
23.Be3 f5 24.c5 e4 25.Qd1 Kh8 26.Ba4 Qf7 27.Qb3 Rc7 28.d6 Qxb3 29.Bxb3 Rd7
30.Be6 Bxc3 31.Rec1 Be5 32.Bxd7 Nxd7 33.Rxb7 Nf6 34.Re7 Bb2 35.Rd1 a5 36.d7 Rd8
37.c6  1-0

[Event "10th Lichtenberger Sommer"]
[Site "Berlin GER"]
[Date "2011.08.14"]
[Round "2.41"]
[White "Hahlbohm,M"]
[Black "Lehmann,Patricia"]
[Result "1-0"]
[WhiteElo "2075"]
[BlackElo "1601"]

1.e4 c5 2.c3 Nf6 3.e5 Nd5 4.d4 cxd4 5.cxd4 e6 6.Nc3 d6 7.Nf3 Nc6 8.Bb5 Bd7
9.O-O Nxc3 10.bxc3 Qc7 11.exd6 Bxd6 12.Bd3 O-O-O 13.h3 f6 14.Be3 g5 15.c4 g4
16.hxg4 h5 17.g5 fxg5 18.Bxg5 Rdg8 19.d5 Ne5 20.Bf6 Nxf3+ 21.Qxf3 Rf8 22.c5 Bxc5
23.Rac1 Kb8 24.Rxc5 Qxc5 25.Qg3+ Ka8 26.Bxh8 Rxh8 27.Qg7 Rd8 28.dxe6 Bxe6
29.Be4 Bc8 30.Rb1 Rd7 31.Qb2 Qa5 32.Rc1 Qd8 33.Bf3 Rh7 34.Qc2 Rh8 35.Rd1 Qe8
36.Qc7 h4 37.Rb1 Qd7 38.Bxb7+  1-0

[Event "10th Lichtenberger Sommer"]
[Site "Berlin GER"]
[Date "2011.08.14"]
[Round "3.64"]
[White "Schneider,Ec"]
[Black "Bruening,W"]
[Result "0-1"]
[WhiteElo "1733"]
[BlackElo "1958"]

1.e4 c5 2.c3 Nf6 3.e5 Nd5 4.Nf3 e6 5.Bc4 Nb6 6.Bb3 Nc6 7.O-O c4 8.Bc2 Qc7
9.Qe2 d6 10.exd6 Bxd6 11.Na3 Bxa3 12.bxa3 O-O 13.a4 f6 14.Rb1 e5 15.d3 cxd3
16.Qxd3 g6 17.Qb5 Be6 18.Bb3 Bf7 19.Ba3 Bxb3 20.axb3 Rfd8 21.Rfd1 Rd7 22.Rxd7 Qxd7
23.Qe2 Rd8 24.h3 Qd5 25.Kf1 e4 26.Nd4 Nxd4 27.cxd4 a6 28.Be7 Rd7 29.Bxf6 Qf5
30.Be5 Nd5 31.Rc1 e3 32.Rc8+ Kf7 33.Qf3 Qxf3 34.gxf3 exf2 35.Kxf2 Ke6 36.h4 Nb4
37.Ke3 Nc6 38.f4 Ne7 39.Rc5 Nf5+ 40.Ke4 Ng3+ 41.Kd3 Nf5 42.Kc4 Nxh4 43.d5+ Ke7
44.Rc7 Nf5 45.Kc5 Kd8 46.Kb6 Rxc7 47.Bxc7+ Kc8 48.d6 h5 49.a5 h4 50.d7+ Kxd7
51.Kxb7 h3  0-1

[Event "10th Lichtenberger Sommer"]
[Site "Berlin GER"]
[Date "2011.08.14"]
[Round "3.81"]
[White "Huebner,Alan-Ari"]
[Black "Mueller,Ac2"]
[Result "1/2-1/2"]
[WhiteElo "1636"]
[BlackElo "2074"]

1.e4 c5 2.c3 Nf6 3.e5 Nd5 4.Nf3 e6 5.d4 cxd4 6.cxd4 d6 7.Bd2 Nc6 8.Nc3 Be7
9.Nxd5 exd5 10.Bd3 dxe5 11.dxe5 O-O 12.O-O Bg4 13.Re1 Qd7 14.h3 Bh5 15.Bc3 Bb4
16.Bxb4 Nxb4 17.Be2 Rfe8 18.Nd4 Bxe2 19.Qxe2 Nc6 20.Nxc6 bxc6 21.Rac1 Re6  1/2-1/2

[Event "29th World Junior Girls"]
[Site "Chennai IND"]
[Date "2011.08.14"]
[Round "12.13"]
[White "Terao,J"]
[Black "Saranya,J"]
[Result "1-0"]
[WhiteElo "2168"]
[BlackElo "2121"]

1.e4 c5 2.c3 Nf6 3.e5 Nd5 4.d4 e6 5.c4 Nb6 6.Nf3 d5 7.exd6 Bxd6 8.dxc5 Bxc5
9.Qxd8+ Kxd8 10.Bd2 Nc6 11.Nc3 Ke7 12.O-O-O Rd8 13.Be2 Bd7 14.Ne4 Na4 15.Nxc5 Nxc5
16.Be3 Na6 17.Ng5 Rac8 18.Ne4 Be8 19.c5 Nab4 20.Nd6 Rc7 21.a3 Nd5 22.Rxd5 exd5
23.Bf4 Nd4 24.Nf5+ Nxf5 25.Bxc7 Rc8 26.Bf4 Rxc5+ 27.Kb1 f6 28.b4 Rc8 29.Rd1 Bg6
30.Ka1 Rc2 31.Bf3 d4 32.Bxb7 Rxf2 33.Bc1 Kf8 34.Bf3 h5 35.a4 Bf7 36.Rd2 Rxd2
37.Bxd2 Nd6 38.b5 Nc4 39.Bb4+ Ke8 40.Be4 Kd8 41.Kb1 g5 42.Kc1 g4 43.Bc5 Na5
44.Bxa7 Bc4 45.Bb6+  1-0

[Event "27th Geraadsbergen Open"]
[Site "Geraadsbergen BEL"]
[Date "2011.08.14"]
[Round "8.3"]
[White "Ponnet,H"]
[Black "Goormachtigh,J"]
[Result "1-0"]
[WhiteElo "2159"]
[BlackElo "2237"]

1.e4 c5 2.c3 Nf6 3.e5 Nd5 4.d4 cxd4 5.cxd4 e6 6.Nc3 Nxc3 7.bxc3 d6 8.f4 Qc7
9.Bd2 g6 10.Nf3 Bg7 11.Bd3 Nc6 12.O-O d5 13.Ne1 f5 14.exf6 Bxf6 15.Nf3 O-O
16.Ne5 Bd7 17.Qg4 Nxe5 18.fxe5 Bg7 19.h4 Rxf1+ 20.Rxf1 Rf8 21.Rxf8+ Kxf8
22.h5 gxh5 23.Qxh5 h6 24.Bxh6 Be8 25.Bg6 Bb5 26.Bd2 a5 27.Qh7 Qd7 28.Bc1 Qc7
29.Bh6  1-0

[Event "27th Geraadsbergen Open"]
[Site "Geraadsbergen BEL"]
[Date "2011.08.14"]
[Round "8.8"]
[White "Peeters,J"]
[Black "Jansen,Ru"]
[Result "0-1"]
[WhiteElo "1778"]
[BlackElo "2166"]

1.e4 c5 2.c3 Nf6 3.e5 Nd5 4.d4 cxd4 5.cxd4 e6 6.Nc3 Nxc3 7.bxc3 Qc7 8.Bd2 b6
9.Nf3 Be7 10.Bd3 Ba6 11.Bxa6 Nxa6 12.O-O O-O 13.Qe2 Nb8 14.Rfe1 d5 15.exd6 Bxd6
16.h3 Nd7 17.Ne5 Bxe5 18.dxe5 Rac8 19.Qe3 Rfd8 20.Rab1 Qc4 21.Rb4 Qc5 22.Rd4 Qa3
23.Qd3 Qe7 24.Qg3 Kh8 25.Bg5 f6 26.exf6 Nxf6 27.Rde4 Nxe4  0-1

[Event "e2e4 Int Masters A"]
[Site "Sunningdale ENG"]
[Date "2011.08.14"]
[Round "8"]
[White "Poobalasingam,P"]
[Black "Christensen,Es"]
[Result "0-1"]
[WhiteElo "2299"]
[BlackElo "2053"]

1.e4 c5 2.c3 Nf6 3.e5 Nd5 4.g3 d6 5.exd6 Qxd6 6.Bg2 Nc6 7.Ne2 g6 8.d4 cxd4
9.Nxd4 Qe5+ 10.Qe2 Qxe2+ 11.Nxe2 Be6 12.O-O O-O-O 13.Nd2 Bg4 14.Nf3 e5 15.Re1 f6
16.a3 Bg7 17.h3 Bf5 18.g4 Bd3 19.Ng3 h5 20.gxh5 gxh5 21.Nh4 Bh6 22.Bxh6 Rxh6
23.Bxd5 Rxd5 24.f3 Nd8 25.Rad1 Rh7 26.Nhf5 Rdd7 27.Ne4 Bxe4 28.fxe4 Kc7 29.Ne3 Rhg7+
30.Kh2 Rg6 31.Rxd7+ Kxd7 32.Rd1+ Ke8 33.Rf1 Ne6 34.Nd5 Kf7 35.h4 Nc5 36.Rf5 Rh6
37.Nxf6 Rxf6 38.Rxe5 Ne6 39.Rxh5 Rf2+ 40.Kg3 Rxb2 41.Rh8 Rb3 42.h5 Rxc3+
43.Kg4 Nf8 44.h6 Rc1 45.e5 Rg1+ 46.Kf5 Rf1+ 47.Ke4 Rh1 48.Kd5 Rd1+ 49.Ke4 Rd8
50.Kf5 b5 51.e6+ Ke7 52.h7 Rd5+ 53.Kg4 Rd4+ 54.Kg3 Rd3+ 55.Kg4 Rd4+ 56.Kg3 Rd8
57.Rg8 Nxh7 58.Rg7+ Kxe6 59.Rxh7 Rd3+ 60.Kf4 Rxa3 61.Ke4 Ra4+ 62.Kd3 Kd5
63.Rh5+ Kc6 64.Kc3 Kb6 65.Rh6+ Ka5 66.Kb3 Rg4 67.Rh3 Rg6 68.Rh7 a6 69.Rh3 Kb6
70.Rh8 a5 71.Rb8+ Kc5 72.Rc8+ Rc6 73.Rh8 a4+ 74.Ka3 Kb6 75.Rb8+ Ka6 76.Ra8+ Kb7
77.Ra5 Rc3+ 78.Ka2 Kb6 79.Ra8 Kc5 80.Rh8 Kb4 81.Rh5 Rc4 82.Rh2 Rc5 83.Rh4+ Ka5
84.Kb2 Rg5 85.Rh2 b4 86.Rh8 Rg2+ 87.Kb1 a3 88.Rh5+ Ka4 89.Rh4 Rd2 90.Rg4 Kb3
91.Rg3+ Kc4 92.Rg4+ Kc3 93.Rg1 b3 94.Rc1+ Rc2 95.Rh1 Rb2+ 96.Ka1 Rd2 97.Rc1+ Kd3
98.Rh1 Kc2 99.Rc1+ Kd3 100.Rh1 Re2 101.Rd1+ Kc2 102.Rb1 Re3 103.Rc1+ Kd2
104.Rc2+ bxc2 105.Ka2 Rc3  0-1

[Event "50th World Juniors"]
[Site "Chennai IND"]
[Date "2011.08.15"]
[Round "13"]
[White "Shreyans,K"]
[Black "Udeshi,A"]
[Result "1/2-1/2"]
[WhiteElo "2203"]
[BlackElo "2378"]

1.e4 c5 2.c3 Nf6 3.e5 Nd5 4.Nf3 e6 5.d4 cxd4 6.cxd4 b6 7.Bc4 Ba6 8.Bxd5 exd5
9.a3 Be7 10.Nc3 O-O 11.Ne2 Nc6 12.O-O Na5 13.Re1 Rc8 14.Nf4 Bb7 15.Be3 Nc4
16.Nd3 d6 17.Bc1 Qd7 18.b3 Na5 19.Bd2 Nc6 20.Nb4 Na5 21.Nd3 Nc6 22.Nb4 Na5
23.Nd3 Nc6 24.Nb4  1/2-1/2

[Event "29th World Junior Girls"]
[Site "Chennai IND"]
[Date "2011.08.15"]
[Round "13"]
[White "Arunima,K"]
[Black "Sahari,J"]
[Result "1/2-1/2"]
[WhiteElo "1867"]
[BlackElo "1911"]

1.e4 c5 2.c3 Nf6 3.e5 Nd5 4.d4 cxd4 5.Nf3 e6 6.cxd4 d6 7.a3 Nc6 8.Bd3 dxe5
9.dxe5 g6 10.O-O Bg7 11.Re1 O-O 12.Bg5 Qc7 13.Qe2 h6 14.Bd2 Rd8 15.h4 Nde7
16.Nc3 Nxe5 17.Nxe5 Qxe5 18.Qxe5 Bxe5 19.Rxe5 Rxd3 20.Bxh6 Nf5 21.Bg5 Nd6
22.Rc1 Bd7 23.Rc5 Rc8 24.Ne4 Nxe4 25.Rxc8+ Bxc8 26.Rxc8+ Kg7 27.Be3 Kf6 28.Bxa7 Rd1+
29.Kh2 Rd2 30.Rc7 b5 31.Rb7 Nd6 32.Rd7 Nc4 33.Rxd2 Nxd2 34.g4 e5 35.Be3 Nc4
36.Bc1 Nb6 37.b3 Ke6 38.Be3 Nd5 39.a4 bxa4 40.bxa4 f5 41.gxf5+ Kxf5 42.Kg3 Nc7
43.Bb6 Nd5 44.a5 e4 45.Bd8 Nb4 46.Be7 Na6 47.Bd6 Ke6 48.Kg4 Kxd6 49.Kg5 Nc5
50.Kxg6 Nd3 51.a6 Kc7 52.Kf5 Nxf2 53.Kf4 e3 54.Kxe3 Ng4+ 55.Kf4 Nf6 56.Kf5 Nh5
57.Kg5 Ng3 58.Kg4 Ne4 59.Kf4 Nf6 60.Kf5 Nh5 61.Kg4 Nf6+ 62.Kg5 Ne4+  1/2-1/2

[Event "50th World Juniors"]
[Site "Chennai IND"]
[Date "2011.08.15"]
[Round "13"]
[White "Petrisor,A"]
[Black "Dusthageer,I"]
[Result "1/2-1/2"]
[WhiteElo "2408"]
[BlackElo "2212"]

1.e4 c5 2.c3 Nf6 3.e5 Nd5 4.d4 cxd4 5.Nf3 Nc6 6.Bc4 e6 7.cxd4 d6 8.O-O Nb6
9.Bd3 d5 10.Nc3 Be7 11.a3 Bd7 12.Bc2 a6 13.g3 Nc4 14.h4 h6 15.Ne2 b5 16.b3 N4a5
17.Qd3 Qb6 18.Be3 O-O-O 19.Qd2 Rdg8 20.Ne1 f5 21.exf6 gxf6 22.Nf4 Bd6 23.Ned3 Nxd4
24.Bd1 Kb7 25.Qc3 Nac6 26.b4 Bxf4 27.Nxf4 Qc7 28.Bxd4 Qxf4 29.Bxf6 Rh7 30.Kh2 Qc4  1/2-1/2

[Event "26th Universiade Men"]
[Site "Shenzhen CHN"]
[Date "2011.08.15"]
[Round "2.15"]
[White "Hindermann,F"]
[Black "Czarnota,P"]
[Result "0-1"]
[WhiteElo "2322"]
[BlackElo "2541"]

1.e4 c5 2.c3 Nf6 3.e5 Nd5 4.g3 d6 5.exd6 e6 6.Bg2 Bxd6 7.Nf3 O-O 8.O-O Nc6
9.d4 Bd7 10.Na3 cxd4 11.Nb5 Bc5 12.Nbxd4 Nxd4 13.Nxd4 Qb6 14.Nb3 Bc6 15.c4 Nf6
16.Bxc6 Qxc6 17.Nxc5 Qxc5 18.b3 Qf5 19.Kg2 Ng4 20.Qe2 Ne5 21.Bb2 Nd3 22.Bc3 Rad8
23.Qf3 Qxf3+ 24.Kxf3 f5 25.Ke2 e5 26.f3 Rfe8 27.Rad1 e4 28.fxe4 Rxe4+ 29.Kf3 Kf7
30.Kg2 g6 31.Rd2 Ke6 32.Kg1 Re3 33.Rfd1 g5 34.c5 f4 35.b4 f3 36.b5 g4 37.Kf1 Rd5
38.c6 bxc6 39.bxc6 Kd6 40.Bg7 f2 41.Re2 Rxe2 42.Kxe2 Nf4+  0-1

[Event "10th Lichtenberger Sommer"]
[Site "Berlin GER"]
[Date "2011.08.16"]
[Round "4.13"]
[White "Oberhofer,A"]
[Black "Hein,E"]
[Result "1/2-1/2"]
[WhiteElo "2308"]
[BlackElo "2145"]

1.e4 c5 2.c3 Nf6 3.e5 Nd5 4.Nf3 d6 5.d4 cxd4 6.cxd4 e6 7.a3 Bd7 8.Bd3 Be7
9.O-O Bc6 10.Nc3 Nxc3 11.bxc3 Nd7 12.Qe2 O-O 13.Re1 dxe5 14.Nxe5 Rc8 15.Qh5 Nf6
16.Qh3 Re8 17.Bg5 h6 18.Bxh6 gxh6 19.Re3 h5 20.Bg6 fxg6 21.Qxe6+ Kh8 22.Nf7+ Kg7
23.Nxd8 Rcxd8 24.Rae1 Nd5 25.Re4 Bf6 26.Qxc6 bxc6 27.Rxe8 Rd7 28.Rc1 Kf7
29.Rc8 Ne7 30.Rb8 Ke6 31.Kf1 Kd6 32.Ke2 Nd5 33.g3 h4 34.Rg8 hxg3 35.hxg3 Ne7
36.Rf8 Bg7 37.Rf7 Bh6 38.Rh1 Bg5 39.f4 Nf5 40.Rxf5 gxf5 41.fxg5 c5 42.Kd3 cxd4
43.Kxd4 Ke6+ 44.Kc4 Rg7 45.Rh5 Ke5 46.Kd3 Rg6 47.c4 Ra6 48.c5 Rxa3+ 49.Kc4 Rxg3
50.Rh8 Rxg5 51.Re8+ Kf4 52.c6 Rg1 53.Kb5 Rb1+ 54.Kc5 Rc1+ 55.Kd6 Kf3 56.Re5 f4
57.Rc5 Rh1 58.c7 Rh8 59.c8=Q Rxc8 60.Rxc8 Ke3 61.Re8+ Kd3 62.Rf8 Ke4 63.Re8+ Kd3
64.Rf8 Ke4  1/2-1/2

[Event "10th Lichtenberger Sommer"]
[Site "Berlin GER"]
[Date "2011.08.16"]
[Round "4.30"]
[White "Hahlbohm,M"]
[Black "Lagunow,Raphael"]
[Result "1-0"]
[WhiteElo "2075"]
[BlackElo "1749"]

1.e4 c5 2.c3 Nf6 3.e5 Nd5 4.d4 cxd4 5.cxd4 d6 6.f4 Nc6 7.Bc4 Nb6 8.Bb5 Bd7
9.Nc3 e6 10.Nf3 Be7 11.O-O O-O 12.Be3 a6 13.Bd3 dxe5 14.fxe5 Nb4 15.Be4 Bc6
16.Bxc6 Nxc6 17.Qe2 Rc8 18.a3 Nd5 19.Bd2 Qd7 20.Ne4 h6 21.Rad1 Nb6 22.Bc1 Na5
23.Nc5 Qd5 24.b4 Nac4 25.Kh1 Rfd8 26.h3 Na8 27.Nh2 b6 28.Ne4 a5 29.Ng4 axb4
30.Bxh6 Qc6 31.Qf3 Rf8 32.Ngf6+ Bxf6 33.Nxf6+ Kh8 34.Bxg7+ Kxg7 35.Qg4+  1-0

[Event "10th Lichtenberger Sommer"]
[Site "Berlin GER"]
[Date "2011.08.16"]
[Round "4.4"]
[White "Jahnz,F"]
[Black "Wendt,J"]
[Result "0-1"]
[WhiteElo "2211"]
[BlackElo "2360"]

1.e4 c5 2.c3 Nf6 3.e5 Nd5 4.d4 cxd4 5.cxd4 d6 6.Nf3 e6 7.Bc4 Nc6 8.O-O Be7
9.Qe2 O-O 10.Nc3 Nxc3 11.bxc3 dxe5 12.dxe5 Qa5 13.Bd2 Rd8 14.Rfe1 Qc7 15.Bd3 b6
16.Qe4 g6 17.Bc2 Bb7 18.Qf4 Bf8 19.Rad1 Bg7 20.Qg3 Rd7 21.Bg5 Rxd1 22.Bxd1 Rc8
23.Bb3 Na5 24.Bd2 Nc4 25.Bf4 Bxf3 26.gxf3 Rd8 27.Re4 Na5 28.Re3 Rd2 29.Re4 Rd3
30.Rd4 Qxc3 31.Rxd3 Qxd3 32.Kg2 Nxb3 33.axb3 h6 34.Be3 Qxb3 35.Qh4 g5 36.Qe4 Qd5
37.Qa4 Bxe5 38.h4 b5 39.Qg4 Qc4  0-1

[Event "Recklinghaeuser Open"]
[Site "Recklinghausen GER"]
[Date "2011.08.16"]
[Round "2"]
[White "Hagermann,H"]
[Black "Richters,M"]
[Result "1/2-1/2"]
[WhiteElo "1990"]
[BlackElo "1969"]

1.e4 c5 2.c3 Nf6 3.e5 Nd5 4.Bc4 Nb6 5.Bb3 Nc6 6.Nf3 d5 7.exd6 Qxd6 8.O-O c4
9.Bc2 Bg4 10.Qe2 O-O-O 11.b3 cxb3 12.axb3 e5 13.Na3 Nd5 14.Nb5 Qc5 15.c4 Nf4
16.Qe3 Qxe3 17.fxe3 Ne2+ 18.Kh1 Nxc1 19.Rfxc1 a6 20.Nc3 f6 21.h3 Be6 22.Be4 Nb4
23.Nd5 Kb8 24.Ra5 Nc6 25.Raa1 Nb4 26.Ra5 h6 27.Nh4 Nc6 28.Raa1 Bc5 29.Rd1 Rhf8
30.g4 h5 31.Ng6 Rf7 32.Bf5 Bxf5 33.gxf5 Rfd7 34.Kg2 Nb4 35.Nc3 Nd3 36.Kf3 Ba7
37.Ke2 Nc5 38.b4 Nd3 39.Rab1 a5 40.bxa5 Nc5  1/2-1/2

[Event "26th Universiade Men"]
[Site "Shenzhen CHN"]
[Date "2011.08.16"]
[Round "3.17"]
[White "Brandenburg,D"]
[Black "Kalugampitiya,R"]
[Result "1-0"]
[WhiteElo "2538"]
[BlackElo "2121"]

1.e4 c5 2.c3 Nf6 3.e5 Nd5 4.Nf3 e6 5.Bc4 d6 6.d4 Nc6 7.O-O Be7 8.Re1 a6 9.Bxd5 exd5
10.exd6 Qxd6 11.dxc5 Qxc5 12.Bg5 O-O 13.Bxe7 Nxe7 14.Nbd2 Bg4 15.Qa4 Bxf3
16.Nxf3 Nc6 17.Rad1 b5 18.Qf4 a5 19.Nd4 Qc4 20.b3 Qxc3 21.Nxb5 Qb4 22.Qxb4 axb4
23.Re2 Rfc8 24.g3 g6 25.Rxd5 Ra5 26.Rc2 Kg7 27.Nc7 Rxd5 28.Nxd5 Rd8 29.Rc5 Rd6
30.Kf1 f5 31.h3 Kf7 32.Rb5  1-0

[Event "26th Universiade Men"]
[Site "Shenzhen CHN"]
[Date "2011.08.16"]
[Round "4"]
[White "Sato,K"]
[Black "Jurcik,Mari"]
[Result "1/2-1/2"]
[WhiteElo "2020"]
[BlackElo "2481"]

1.e4 c5 2.c3 Nf6 3.e5 Nd5 4.d4 cxd4 5.Nf3 d6 6.cxd4 Nc6 7.Bc4 Nb6 8.Bb5 d5
9.Nc3 Bg4 10.Be3 e6 11.O-O Rc8 12.Rc1 a6 13.Be2 Be7 14.Nd2 Bxe2 15.Qxe2 O-O
16.f4 f5 17.h3 Rc7 18.g4 Qc8 19.Kh1 Na5 20.Rf2 Na4 21.Ndb1 Bb4 22.Qd1 Nxc3
23.bxc3 Nc4 24.Qd3 Be7 25.Rg2 Na3 26.Bd2 Qe8 27.Rcg1 g6 28.Nxa3 Bxa3 29.c4 Rxc4
30.Qxa3 Rxd4 31.Qb2 Rd3 32.Rg3 Rxg3 33.Rxg3 Qa4 34.gxf5 Rxf5 35.Kh2 Rf7 36.Qb3 Qe4
37.Qd3 Qa4 38.a3  1/2-1/2

[Event "Stockholm Open"]
[Site "Stockholm SWE"]
[Date "2011.08.16"]
[Round "4"]
[White "Evertsson,R"]
[Black "Westerberg,J"]
[Result "0-1"]
[WhiteElo "2053"]
[BlackElo "2313"]

1.e4 c5 2.c3 Nf6 3.e5 Nd5 4.d4 cxd4 5.cxd4 d6 6.Bc4 Nb6 7.Bb5+ Bd7 8.e6 fxe6
9.Bd3 Qc7 10.Nc3 Nc6 11.Nb5 Qc8 12.Qh5+ Kd8 13.Bg5 Nb4 14.Nxd6 Nxd3+ 15.Kf1 Qc2
16.Ne2 Qxb2 17.Rd1 Qc2 18.Ra1 Kc7 19.Nf7 Be8 20.Bf4+ Kc8 21.Nd6+ Kd7 22.Nxe8 Nxf4
23.Nxf4 Qc4+ 24.Kg1 Rxe8 25.Ng6 hxg6 26.Qxh8 Qxd4 27.Rf1 Nd5 28.Qh3 Rc8 29.Qf3 Qf4
30.Qb3 Qb4 31.Qd3 Qc4 32.Qd2 Ke8 33.g3 Qc2 34.Qa5 a6 35.h4 Rc4 36.Qe1 Re4
37.Qa1 Nc3 38.a3 e5 39.Kh2 Re2 40.Kg1 Qd2 41.Rh2 e6 42.Rc1 Bc5 43.Qxc3 Re1+
44.Kg2 Qxc1  0-1

[Event "26th Teteven Open"]
[Site "Teteven BUL"]
[Date "2011.08.16"]
[Round "4.10"]
[White "Orev,B"]
[Black "Monev,A"]
[Result "0-1"]
[WhiteElo "1893"]
[BlackElo "2135"]

1.e4 c5 2.c3 Nf6 3.e5 Nd5 4.d4 cxd4 5.cxd4 e6 6.Nc3 Nxc3 7.bxc3 Qc7 8.Bd2 d6
9.Nf3 Nd7 10.Bb5 a6 11.Bxd7+ Bxd7 12.O-O Bc6 13.Rc1 Bd5 14.Bf4 b5 15.a3 Be7
16.Re1 O-O 17.Nd2 dxe5 18.dxe5 Bxa3 19.Rb1 f6 20.Qg4 fxe5 21.Bxe5 Bd6 22.Bd4 Bxh2+
23.Kh1 Rf7 24.Nf1 Bf4 25.f3 e5 26.Bf2 Rf6 27.Rbd1 Be6  0-1

[Event "10th Lichtenberger Sommer"]
[Site "Berlin GER"]
[Date "2011.08.17"]
[Round "5.59"]
[White "Lagunow,Raphael"]
[Black "Pallas,Sebastian"]
[Result "1-0"]
[WhiteElo "1749"]
[BlackElo "1803"]

1.e4 c5 2.c3 Nf6 3.e5 Nd5 4.d4 cxd4 5.Qxd4 e6 6.Nf3 Nc6 7.Qe4 f5 8.Qe2 Qc7
9.g3 b5 10.Bg2 Rb8 11.O-O Be7 12.Nbd2 O-O 13.a4 a6 14.axb5 axb5 15.Nb3 f4
16.g4 Qb6 17.Rd1 Ba6 18.Nbd4 Bc5 19.Nxc6 dxc6 20.Nd4 Bxd4 21.Rxd4 c5 22.Rd1 Bb7
23.Bf3 Bc6 24.Bd2 Qb7 25.Kg2 Ne7 26.Bxc6 Qxc6+ 27.f3 Ng6 28.Be1 Rfd8 29.Bf2 Nh4+  1-0

[Event "Malaysian Open"]
[Site "Kuala Lumpur MAS"]
[Date "2011.08.18"]
[Round "1.25"]
[White "Adeimi,M"]
[Black "Ikeda,J"]
[Result "0-1"]
[WhiteElo "1895"]
[BlackElo "2349"]

1.e4 c5 2.c3 Nf6 3.e5 Nd5 4.d4 cxd4 5.cxd4 e6 6.Nc3 d6 7.f4 Nxc3 8.bxc3 Qc7
9.Bd2 Nc6 10.Nf3 d5 11.Bd3 Na5 12.Qe2 Nc4 13.O-O Bd7 14.f5 exf5 15.Ng5 Nxd2
16.e6 fxe6 17.Nxe6 Bxe6 18.Qxe6+ Qe7 19.Qxd5 Qd6 20.Rfe1+ Kd8 21.Qxb7 Rb8
22.Qxa7 Ne4 23.Bxe4 fxe4 24.Rxe4 Qb6 25.Qf7 Bd6 26.Rae1 Qc6 27.Qxg7 Rf8 28.Qg5+ Kc8
29.c4 Qxe4 30.Qd2 Qh4 31.g3 Bxg3 32.hxg3 Qxg3+ 33.Kh1 Rg8 34.Rf1 Qh3+  0-1

[Event "10th Lichtenberger Sommer"]
[Site "Berlin GER"]
[Date "2011.08.19"]
[Round "7.13"]
[White "Jahnz,F"]
[Black "Major,Vitalij"]
[Result "1/2-1/2"]
[WhiteElo "2211"]
[BlackElo "2112"]

1.e4 c5 2.c3 Nf6 3.e5 Nd5 4.d4 cxd4 5.cxd4 d6 6.Nf3 Nc6 7.Bc4 e6 8.O-O Be7
9.Qe2 O-O 10.Nc3 Nxc3 11.bxc3 dxe5 12.dxe5 Qc7 13.Qe4 b6 14.Bd3 g6 15.Bh6 Rd8
16.Bc2 Bb7 17.Qf4 Rd7 18.Rfe1 Bf8 19.Qh4 Bg7 20.Bxg7 Kxg7 21.Ng5 Nxe5 22.Qxh7+ Kf6
23.Qh4 Kg7 24.Qg3 Nc4 25.Nxe6+ fxe6 26.Qxg6+ Kh8 27.Qh6+ Kg8 28.Qxe6+ Kh8
29.Be4 Rg7 30.Bxb7 Qxb7 31.Qh6+ Kg8 32.f3 Rd8 33.Re2 Qc7 34.Rae1 Qf7 35.Qh4 Qd5  1/2-1/2

[Event "10th Lichtenberger Sommer"]
[Site "Berlin GER"]
[Date "2011.08.19"]
[Round "7.17"]
[White "Gross,T"]
[Black "Richter,Go"]
[Result "1-0"]
[WhiteElo "2150"]
[BlackElo "2045"]

1.e4 c5 2.c3 Nf6 3.e5 Nd5 4.Nf3 Nc6 5.Bc4 Nb6 6.Bb3 c4 7.Bc2 g6 8.O-O Bg7
9.Re1 d6 10.exd6 Qxd6 11.Na3 e5 12.b3 cxb3 13.axb3 O-O 14.Nb5 Qb8 15.Ba3 Rd8
16.Bc5 Nd5 17.c4 Ndb4 18.Ra4 Nxc2 19.Qxc2 b6 20.Be3 Bg4 21.Qe4 Qc8 22.c5 Bf5
23.Qh4 Bc2 24.Nd6 Rxd6 25.cxd6 Bxb3 26.Ra3 Bd5 27.Bh6 Bxf3 28.Rxf3 Qe6 29.Rh3 Bf6
30.Bg5  1-0

[Event "10th Lichtenberger Sommer"]
[Site "Berlin GER"]
[Date "2011.08.19"]
[Round "7.7"]
[White "Lagunow,A"]
[Black "Niehaus,F"]
[Result "1-0"]
[WhiteElo "2434"]
[BlackElo "2190"]

1.e4 c5 2.c3 Nf6 3.e5 Nd5 4.Nf3 Nc6 5.d4 cxd4 6.Bc4 Nb6 7.Bb3 d6 8.exd6 Qxd6
9.O-O e6 10.cxd4 Be7 11.Nc3 O-O 12.a3 Nd5 13.Re1 Rd8 14.Qe2 Nf6 15.Nb5 Qb8
16.g3 Bd6 17.Bg5 a6 18.Nxd6 Qxd6 19.Rad1 Ne7 20.Bxf6 gxf6 21.Nd2 Qb6 22.Qf3 Kg7
23.h4 Bd7 24.Nc4 Qc7 25.Ne3 f5 26.d5 e5 27.d6 Qc6 28.Qh5 Ng6 29.Nxf5+ Bxf5
30.Qxf5 f6 31.h5 Nf8 32.Rxe5 fxe5 33.Qg5+ Ng6 34.h6+ Kf8 35.Qf6+ Ke8 36.Qf7+  1-0

[Event "10th Lichtenberger Sommer"]
[Site "Berlin GER"]
[Date "2011.08.19"]
[Round "7.34"]
[White "Lagunow,Raphael"]
[Black "Hein,E"]
[Result "1/2-1/2"]
[WhiteElo "1749"]
[BlackElo "2145"]

1.e4 c5 2.c3 Nf6 3.e5 Nd5 4.d4 cxd4 5.Qxd4 e6 6.Nf3 d6 7.Nbd2 Nc6 8.Qe4 dxe5
9.Nxe5 Nxe5 10.Qxe5 Qd6 11.Bb5+ Bd7 12.Bxd7+ Kxd7 13.Qe2 Nf4 14.Qf3 Nd3+
15.Kf1 Qd5 16.Qxf7+ Be7 17.Qf3 Bg5 18.Qxd5+ exd5 19.Nb3 Bf6 20.Ke2 Nxc1+
21.Raxc1 Rhe8+ 22.Kd3 Re5 23.Rhe1 Rae8 24.Rxe5 Rxe5 25.g3 Kd6 26.Nd4 a6 27.Kd2 Re4
28.Re1 Rxe1 29.Kxe1 Kc5 30.Nb3+ Kb5 31.Ke2 a5 32.Kd3 a4 33.Nd4+ Kc5 34.f4 b5
35.a3 h5 36.h3 Kb6 37.g4 hxg4 38.hxg4 Be7 39.Nf5 Bf8 40.g5 Kc5 41.Nd4 Bd6
42.f5 Be5 43.Nf3 Bf4 44.Nd4 Kd6 45.Nf3 Bc1 46.Kc2 Be3 47.f6 gxf6 48.gxf6 Ke6
49.Nh2 Bc5 50.b4 axb3+ 51.Kxb3 Kxf6 52.Nf3 Kf5 53.a4 bxa4+ 54.Kxa4 Ke4 55.Ne1 Bf2
56.Nc2  1/2-1/2

[Event "XVI Seahorse Open A"]
[Site "Rewal POL"]
[Date "2011.08.19"]
[Round "1.32"]
[White "Mroziak,M"]
[Black "Zochowski,K"]
[Result "1-0"]
[WhiteElo "2153"]
[BlackElo "1954"]

1.e4 c5 2.c3 Nf6 3.e5 Nd5 4.d4 cxd4 5.Nf3 Nc6 6.Bc4 Nb6 7.Bb3 d6 8.exd6 Qxd6
9.O-O Bf5 10.Nxd4 Nxd4 11.cxd4 e6 12.Nc3 Be7 13.Qf3 Qd7 14.d5 e5 15.Re1 Bd6
16.Bf4 f6 17.Bd2 O-O 18.Ne4 Bxe4 19.Qxe4 f5 20.Qd3 Rae8 21.a4 Qe7 22.Rac1 Kh8
23.a5 Nd7 24.Ba4 Rd8 25.Bxd7 Qxd7 26.Bg5 Rde8 27.f3 Qf7 28.Be3 Qh5 29.Qd2 Rf6
30.Bc5 Rh6 31.h3 Qh4 32.Bxd6 Rxd6 33.Rc7 Qd8 34.Rxb7 Rxd5 35.Qf2 Qxa5 36.Rxa7 Qb4
37.Rea1 f4 38.Ra8 Rdd8 39.Rxd8 Rxd8 40.Qc2 h6 41.Kh2 Rb8 42.Rb1 Qd4 43.Rd1 Qb6
44.Rd5 Qf6 45.Rc5 Qe6 46.Qc3 Re8 47.b4 e4 48.Rc6 Qf5 49.Rxh6+ Kg8 50.Qc4+ Kf8
51.Rh8+ Ke7 52.Rxe8+  1-0